000 01266cam a2200361 a 4500
001 197030
003 OSt
005 20140310183126.0
008 990506s1998 ph b 001 0 eng
010 _a 98947857
020 _a9715502946
037 _bLibrary of Congress -- Jakarta Field Office
_cP285.00
040 _aDLC
_cDLC
_dDLC
042 _alcode
043 _aa-ph---
050 0 0 _aDS 676
_b.I27 1998
082 0 0 _aFIL 959.9026
_2I27 1998
100 1 _aIleto, Reynaldo ClemeƱa.
245 1 0 _aFilipinos and their revolution :
_bevent, discourse, and historiography /
_cby Reynaldo C. Ileto.
260 _aQuezon City :
_bAteneo de Manila University Press,
_cc1998.
300 _axiii, 300 p. ;
_c23 cm.
440 0 _aCentennial of the revolution
504 _aIncludes bibliographical references (p. 285-295) and index.
521 _aCollege Students
526 _c880L for College - 1210-1700L
541 _j1
562 _e1
651 0 _aPhilippines
_xHistory
_yRevolution, 1896-1898.
651 0 _aPhilippines
_xHistory
_yRevolution, 1896-1898
_xHistoriography.
906 _a7
_bcbc
_corigode
_d2
_encip
_f19
_gy-gencatlg
942 _2lcc
_cBK
_kFIL
999 _c19019
_d19019